West Scandinavian vowel systems and the ordering of phonological rules /

Bibliographic Details
Main Author: Anderson, Stephen R., 1943-
Format: Thesis Microform Book
Language:English
Published: [Place of publication not identified] : [publisher not identified] ; 1969.
Subjects:

MARC

Tag First Indicator Second Indicator Subfields
LEADER 00000cam a2200000 a 4500
001 in00000092252
005 20150923132024.0
007 hd |m| c|||
008 821023r1969 maua ab 00010 eng d
035 |a (OCoLC)08886429 
035 |9 AAK7334AM 
040 |a TXA  |c TXA  |d UtOrBLW 
049 |a TXAI 
099 |a film  |a B  |a 267 
100 1 |a Anderson, Stephen R.,  |d 1943- 
245 1 0 |a West Scandinavian vowel systems and the ordering of phonological rules /  |c by Stephen R. Anderson. 
264 1 |a [Place of publication not identified] :  |b [publisher not identified] ;  |c 1969. 
300 |a xi, 218 leaves :  |b illustrations 
336 |a text  |b txt  |2 rdacontent 
337 |a microform  |b h  |2 rdamedia 
338 |a microfilm reel  |b hd  |2 rdacarrier 
500 |a Vita. 
502 |b Ph. D.  |c Massachusetts Institute of Technology  |d 1969. 
504 |a Bibliography: leaves 211-217. 
533 |a Microfilm.  |b Ann Arbor, Mich. :  |c University Microfilms,  |d [1969?]  |e 1 microfilm reel : ill. ; 35 mm. 
500 |a Microform. 
650 0 |a Scandinavian languages  |x Phonology. 
650 0 |a Grammar, Comparative and general  |x Phonology. 
650 0 |a Scandinavian languages  |x Vowels. 
999 |a MARS 
999 f f |s aa05825f-a918-3f70-8902-9020b4ab7f9f  |i 37816daa-af36-382b-8fe5-e536ea8e11c3  |t 0 
952 f f |p default  |a Texas A&M University  |b College Station  |c Sterling C. Evans Library  |d Evans: Microforms (3rd floor)  |t 0  |e film B 267  |h Other scheme  |i microform -- microfilm reel 
998 f f |a film B 267  |t 0  |l Evans: Microforms (3rd floor)